LDR 01307naa#a2200205#i#450# 001 RU\\bibl\119474 005 20260417134514.5 011 ## _a2949-1258 100 ## _a20260403b2026####ek#y0rusy0150####ca 102 ## _aRU 200 1# _aДиагностический инструментарий оценки межкультурной компетенции в профессиональной подготовке будущих учителей иностранного языка _eЖурнальная статья 210 1# _aВладивосток _cФедеральное государственное бюджетное образовательное учреждение высшего образования "Владивостокский государственный университет" _d2026 215 ## _a11 с. 608 ## _aЖурнальная статья _2local 675 ## _aНародное образование. Воспитание. Обучение. Организация досуга. 37 _z 700 #1 _aПискун _gАлександр Александрович 700 #1 _aМашовец _gСветлана Павловна 700 #1 _aКлещева _gНелли Александровна 700 #1 _aКалугина _gНаталья Андреевна 856 4# _aojkum.editorum.ru _u